Science as a way of knowing : (Record no. 2816)

MARC details
000 -LEADER
fixed length control field 00616nam a22002052 4500
001 - CONTROL NUMBER
control field 0000004612
005 - DATE AND TIME OF LATEST TRANSACTION
control field 20151217145818.0
008 - FIXED-LENGTH DATA ELEMENTS--GENERAL INFORMATION
fixed length control field 070525s xx 000 0 eng d
020 ## - INTERNATIONAL STANDARD BOOK NUMBER
International Standard Book Number 0674794826 :
Terms of availability KES 400
040 ## - CATALOGING SOURCE
Original cataloging agency KABU
Transcribing agency KABU
050 #0 - LIBRARY OF CONGRESS CALL NUMBER
Classification number QH331
Item number .M66
100 1# - MAIN ENTRY--PERSONAL NAME
Personal name Moore, John A.
-- 0000155256
245 10 - TITLE STATEMENT
Title Science as a way of knowing :
Remainder of title the foundations of modern biology.
260 ## - PUBLICATION, DISTRIBUTION, ETC. (IMPRINT)
Place of publication, distribution, etc. Cambridge, Mass :
Name of publisher, distributor, etc. Harvard Univ. Press,
Date of publication, distribution, etc. 1993.
300 ## - PHYSICAL DESCRIPTION
Extent viii, 530 p.
650 #0 - SUBJECT ADDED ENTRY--TOPICAL TERM
Topical term or geographic name as entry element Biology
General subdivision Philosophy.
-- 0000155255
908 ## - PUT COMMAND PARAMETER (RLIN)
Put command parameter 070525
950 ## - LOCAL HOLDINGS (RLIN)
-- 1
Holdings
Withdrawn status Lost status Source of classification or shelving scheme Not for loan Home library Current library Date acquired Total Checkouts Full call number Barcode Date last seen Price effective from Koha item type
    Library of Congress Classification   Kabarak, Main Campus Kabarak, Main Campus 17/12/2015   QH331 .M66 007391 17/12/2015 17/12/2015 General Collection
Designed with assistance from East African Informatics Ltd